| 000 | 01166nam a2200301 a 4500 | ||
|---|---|---|---|
| 001 | 4855827 | ||
| 003 | ARRUPE | ||
| 005 | 20160929114927.0 | ||
| 008 | 910130s1989 sa 000 0 eng | ||
| 010 | _a 91110772 | ||
| 020 | _a0620131594 | ||
| 040 |
_aDLC _cDLC |
||
| 043 | _af-sa--- | ||
| 050 | 0 | 0 |
_aKTL41.U55 _bT74 1989 |
| 082 | 0 | 0 |
_a345.684/55/0231 _a346.845505231 _220 |
| 245 | 0 | 0 |
_aTreason Trial, 1985 / _cedited by Fatima Meer ; researches-trial by Sooraya Jawoodeen ... [et al.] ; researches-biographies, Sooraya Jawoodeen, Cheryl Roberts. |
| 260 |
_a[Durban] : _bMadiba Publications, _c1989. |
||
| 300 |
_a177 p. ; _c21 cm. |
||
| 610 | 2 | 0 |
_aUnited Democratic Front (South Africa) _zTrials, litigation, etc. _926289 |
| 650 | 0 |
_aTrials (Treason) _zSouth Africa _zDurban. _926290 |
|
| 650 | 0 |
_aApartheid _zSouth Africa. _926291 |
|
| 700 | 1 |
_aMeer, Fatima. _926292 _eed. |
|
| 700 | 1 |
_aJawoodeen, Sooraya. _926293 |
|
| 700 | 1 |
_aRoberts, Cheryl. _926294 |
|
| 906 |
_a7 _bcbc _corignew _d2 _encip _f19 _gy-gencatlg |
||
| 942 |
_2lcc _cMONOGRAPH |
||
| 999 |
_c125381 _d125381 |
||